000 00309nam a22001457a 4500
008 230419b ||||| |||| 00| 0 eng d
020 _a9780814762158
041 _aeng
080 _a37
082 _a37O'BR
100 _a24
101 _aEDU
245 _aTHE RACIAL MIDDLE
_cO'BRIEN. E
942 _2udc
_cBK
999 _c59618
_d59618